Rozhovory o televízii : (výber z neuverejnených rozhovorov v Kontakte 1986, 1987, 1988 a 1989). Časť] 1 /

Hlavní autor: Koščo, Ján
Jazyk: Slovenština
Vydáno: Bratislava : Československá televízia, 1989
Témata:
Fyzický popis: 201 s.
Knihy
Uloženo v:
LEADER 00708nam a22001932a 4500
001 000048443
003 CZ BrMZK
005 19951201143423.0
008 951201m19899999xo f slo d
040 |a BOA001  |b cze 
080 |a 654.1  |2 MRF 
100 1 |a Koščo, Ján  |7 jx20050617040 
245 1 0 |a Rozhovory o televízii :  |b (výber z neuverejnených rozhovorov v Kontakte 1986, 1987, 1988 a 1989).  |n Časť] 1 /  |c zostavil: Ján Koščo. 
260 |a Bratislava :  |b Československá televízia,  |c 1989 
300 |a 201 s. 
910 |a BOA001  |b PK-0111.437,1 
964 |a Televize - názory - sborníky 
990 |a BK 
996 7 |b 3119981155  |c PK-0111.437,1  |l MZK  |r Sklad / do 1 hodiny  |n 3  |w 000048443  |u 000010  |a 1  |e BOA001  |j MZK50  |s A